Eleccions curs 2002/03 al Consell Escolar de Centre
Descripción Física:
1 tríptic ; 21 cm
MARC
| LEADER | 00000nam a2200000Ia 4500 | ||
|---|---|---|---|
| 001 | 24333 | ||
| 008 | 160829s2002 xx 000 0 cat d | ||
| 080 | |a FU-64-148 | ||
| 245 | |a Eleccions curs 2002/03 al Consell Escolar de Centre | ||
| 260 | |a Barcelona : |b Diputació de Barcelona. Àrea d'Educació, |c 2002 | ||
| 300 | |a 1 tríptic ; |c 21 cm | ||
| 650 | |a Consells escolars |x Barcelona (Província) |9 49700 | ||
| 650 | 0 | |a Eleccions |9 17197 | |
| 710 | |a Barcelona (Catalunya : Província). |b Àrea d'Educació |9 8009 | ||
| 901 | |a Arxiu | ||
| 942 | |n 1 | ||
| 952 | |0 0 |1 0 |4 0 |6 FU64148 |7 1 |9 55541 |a Arxiu |b Arxiu |d 2016-12-01 |l 0 |o FU-64-148 |p 24333 |r 2016-12-01 00:00:00 |w 2016-12-01 |y ARXIU | ||
| 999 | |c 59414 |d 59414 | ||